| 000 | 02410cam a22005174i 4500 | ||
|---|---|---|---|
| 003 | PE-LiUPU | ||
| 005 | 20250731165459.0 | ||
| 008 | 150623s r 000 0 d | ||
| 020 | _a185075828X | ||
| 035 | _a(Sirsi) i9781850758280 | ||
| 040 |
_aPE-LiUPU _bspa _cPE-LiUPU _erda |
||
| 049 | _aPRUA | ||
| 082 | 0 | 4 |
_a225.077 _bJ _221 |
| 245 | 0 | 0 |
_aUnderstanding, studying and reading: New Testament essays in honour of John Ashton. _n153. |
| 264 | 1 |
_aSheffield, Great Britain : _bSheffield Academic Press, _c1998. |
|
| 300 |
_a267 páginas ; _c24 centímetros |
||
| 336 |
_atext _2rdacontent |
||
| 337 |
_aunmediated _2rdamedia |
||
| 338 |
_avolume _2rdacarrier |
||
| 490 | 0 |
_aJournal for the Study of the N.T. Supplement Series ; _v153 |
|
| 504 | _aIncluye bibliografía. | ||
| 505 | 0 | _aA question of identity: 'Who do people say that I am?'. -A passion narrative for Q?. -The gospel thief saying (Luke 12.39-40 and Mattew 24.43-44). -The beloved disciple and Nathanael. -The temple incident of John 2.13-25: a preview of what is to come. -The enigma of the fourth gospel:another look. -The wisdom of too much of God in Romans 1. -Jason and Penelope hear Philippians 1.1-11. -Wrestling with hebrews. -Authorship and canonicity: some patristic evidence. -What is in a word?. -William Tyndale -a martyr for the Bible?. -For Paul or for Cephas. -The trouble with the resurrection. -Nikephoros blemmydes on John. | |
| 526 | _aSEG44 | ||
| 526 | _aSEG26 | ||
| 526 | _aP151 | ||
| 526 | _aP150 | ||
| 526 | _aP149 | ||
| 526 | _aP146 | ||
| 526 | _aP145 | ||
| 526 | _aP126 | ||
| 526 | _aP125 | ||
| 526 | _aP92 | ||
| 526 | _aP75 | ||
| 526 | _aP74 | ||
| 526 | _aP27 | ||
| 526 | _aP15 | ||
| 630 |
_aBiblia. _pN.T. _pEvangelios _xComentarios. |
||
| 700 | 1 |
_aFletcher-Louis, Crispin H.T., _eed. |
|
| 700 | 1 |
_aRowland, Christopher, _eed. |
|
| 942 |
_2ddc _cBOOK |
||
| 949 |
_aRC 225.077 J 153 _wDEWEY _c1 _i45634 _lCCODEBUL1 _mBUL _r0 _sY _tBOOK _u2015-6-24 _xTEOLOGIA _PP35 _0COMPRA _o.CIRCNOTE. No olvidar cambiar la fecha de devolución!!!!!!! _o.STAFF. Colección General |
||
| 994 |
_aC0 _bPEPRU |
||
| 596 | _a1 | ||
| 999 |
_aRC 225.077 J 153 _wDEWEY _c22506 _i45634 _f2021-11-8 _g6 _lCCODEBUL1 _mBUL _r1 _sY _tBOOK _u2015-6-24 _xTEOLOGIA _PP35 _0COMPRA _o.CIRCNOTE. No olvidar cambiar la fecha de devolución!!!!!!! _o.STAFF. Colección General _d22506 |
||
| 980 |
_81 _gALBERTO SANCHEZ Responsable de Automatización |
||